000 00618nam a2200229Ia 4500
003 OSt
005 20220923230256.0
006 a|||||r|||| 00| 0
007 ta
008 Pun
024 _a279,073
037 _cTextual
040 _aARTS
_cARTS
_bPun
041 _2Pun
_aPun
082 _aO153,1N271x, L7
100 _aਨਾਗ਼, ਹਰਨਾਮ ਸਿੰਘ
_9156315
245 0 _aਖਲ ਦਾ ਸੂਰਜ
260 _c1977
650 _aਪੰਜਾਬੀ ਸਾਹਿਤ
942 _hO153,1N271x, L7
_cTEXL
_2CC
999 _c383622
_d383622